| 000 | 00992nam a22002777a 4500 | ||
|---|---|---|---|
| 001 | 7660 | ||
| 003 | FISKH | ||
| 005 | 20250730102106.0 | ||
| 008 | 250730b cb ||||| |||| 00| 0 eng d | ||
| 020 | _a9780064472272 | ||
| 040 |
_aFISKH _beng _cFISKH _dFISKH |
||
| 050 | _aPZ7.R2905 | ||
| 082 | _a823.914 | ||
| 100 | _aRennison, Louise | ||
| 245 |
_aAngus, Thongs and full-frontal snogging / _cLouise Rennison |
||
| 250 | _aThis edition published 2001 | ||
| 260 |
_aNew York : _bHarpertempest, _c1999 |
||
| 300 |
_a247 pages : _bcolor illustrations ; _c18 cm |
||
| 505 | _aR | ||
| 520 | _aPresents the humorous journal of a year in the life of a fourteen-year-old British girl who tries to reduce the size of her nose, stop her mad cat from terrorizing the neighborhood animals, and win the love of handsome hunk Robbie. | ||
| 521 | 8 |
_a700
_bLexile |
|
| 521 | 8 |
_aR
_bRaz-Plus |
|
| 650 |
_aYoung Adult _vRelationships _xRomance |
||
| 942 |
_2ddc _cBK _n0 |
||
| 999 |
_c7660 _d7660 |
||